000 00300nam a22001337a 4500
008 170911b xxu||||| |||| 00| 0 eng d
020 _a9780131420663
041 _aeng
080 _210TH
_a52
100 _a42
101 _aAST
245 _aEARTH'S DYNAMICS SYSTEMS
_cHAMBLIN,W.K
942 _2udc
_cBK
999 _c27107
_d27107